Countries of Liverpool Players - Statistics

General Stats
  • This quiz has been taken 37 times
  • The average score is 46 of 57
Answer Stats
Year Country % Correct
1992 England
100%
1992 Scotland
100%
2004 Spain
100%
2006 Brazil
97%
1999 Netherlands
97%
1992 Norway
97%
2001 Portugal
97%
1992 Denmark
94%
1997 Germany
94%
1992 Ireland
94%
2006 Italy
94%
2012 Northern Ireland
94%
1997 United States
94%
2004 Argentina
92%
1997 Australia
92%
2013 Belgium
92%
2017 Egypt
92%
2000 France
92%
2009 Greece
92%
1992 Hungary
92%
2006 Sweden
92%
1992 Wales
92%
2021 Colombia
89%
1999 Finland
89%
2019 Japan
89%
2002 Senegal
89%
2007 Ukraine
89%
2000 Croatia
86%
2001 Poland
86%
2010 Serbia
86%
2007 Slovakia
86%
2019 Canada
83%
1999 Switzerland
83%
2010 Uruguay
83%
2005 Chile
81%
1996 Czech Republic
81%
2003 Algeria
78%
1998 Cameroon
78%
2005 Austria
75%
2016 Estonia
75%
2006 Morocco
75%
2013 Nigeria
75%
2006 Paraguay
75%
1998 South Africa
75%
2008 Turkey
75%
2005 Ghana
72%
1997 Iceland
67%
1998 Mali
64%
2025 Georgia
61%
1992 Israel
61%
2013 Ivory Coast
61%
1999 Guinea
58%
2007 Bulgaria
56%
2010 DR Congo
53%
1994 Trinidad and Tobago
39%
1992 Zimbabwe
33%
2011 Guinea-Bissau
28%
No matching quizzes found
Score Distribution
Percent of People with Each Score
Percentile by Number Answered
Your Score History
You have not taken this quiz